[Event "European Online Club-ch-A 2021"]
[Site "Online"]
[Date "2021.03.27"]
[Round "5.20"]
[White "Tinmaz, Kerem"]
[Black "De Verdier, Michael"]
[Result "0-1"]
[WhiteElo "1614"]
[BlackElo "2291"]
[Annotator "NA"]
[PlyCount "110"]
[EventDate "2021.03.27"]
[EventType "team-tourn"]
[EventCountry "NET"]
[SourceTitle "playchess.com"]
[Source "ChessBase"]
[SourceQuality "1"]
[TimeControl "900+5"]

1. e4 {[%emt 0:00:00]} Nf6 {[%emt 0:00:04]} 2. e5 {[%emt 0:00:08]} Nd5 {[%emt 0:00:02]} 3. c4 {[%emt 0:00:02]} Nb6 {[%emt 0:00:02]} 4. d4 {[%emt 0:00:01]} d6 {[%emt 0:00:01]} 5. f4 {[%emt 0:00:01]} dxe5 {[%emt 0:00:39]} 6. fxe5 {[%emt 0:00:03]} c5 {[%emt 0:00:01]} 7. d5 {[%emt 0:00:12]} g6 {[%emt 0:00:24]} 8. Nf3 {[%emt 0:01:15]} Bg7 {[%emt 0:00:04]} 9. Bf4 {[%emt 0:00:36]} O-O {[%emt 0:00:23]} 10. Nc3 {[%emt 0:00:18]} Bg4 {[%emt 0:00:50]} 11. h3 {[%emt 0:00:42]} Bxf3 {[%emt 0:00:04]} 12. Qxf3 {[%emt 0:00:07]} N8d7 {[%emt 0:01:47]} 13. Qe3 {[%emt 0:00:54]} Qb8 {[%emt 0:02:00]} 14. e6 {[%emt 0:02:44]} Ne5 {[%emt 0:00:14]} 15. Be2 {[%emt 0:04:51]} Nexc4 {[%emt 0:01:45]} 16. Qe4 {[%emt 0:00:54]} Nd6 {[%emt 0:01:17]} 17. Bxd6 {[%emt 0:00:39]} Qxd6 {[%emt 0:00:00]} 18. O-O {[%emt 0:00:53]} f5 {[%emt 0:00:43]} 19. Qd3 {[%emt 0:00:26]} Rad8 {[%emt 0:00:36]} 20. Bf3 {[%emt 0:00:10]} c4 {[%emt 0:00:43]} 21. Qd2 {[%emt 0:00:17]} Qc5+ {[%emt 0:00:26]} 22. Kh1 {[%emt 0:00:07]} Rd6 {[%emt 0:02:19]} 23. Rad1 {[%emt 0:00:21]} Rfd8 {[%emt 0:00:10]} 24. Qf4 {[%emt 0:00:25]} Bxc3 {[%emt 0:01:04]} 25. bxc3 {[%emt 0:00:02]} Nxd5 {[%emt 0:00:02]} 26. Qe5 {[%emt 0:00:16]} b6 {[%emt 0:00:01]} 27. g4 {[%emt 0:00:27]} Ne3 {[%emt 0:00:25]} 28. Qxc5 {[%emt 0:00:12]} bxc5 {[%emt 0:00:00]} 29. Rxd6 {[%emt 0:00:04]} Rxd6 {[%emt 0:00:00]} 30. Re1 {[%emt 0:00:09]} f4 {[%emt 0:00:04]} 31. a4 {[%emt 0:00:05]} Kg7 {[%emt 0:00:10]} 32. Rb1 {[%emt 0:00:05]} Rb6 {[%emt 0:00:04]} 33. Rc1 {[%emt 0:00:10]} Kf6 {[%emt 0:00:04]} 34. Kg1 {[%emt 0:00:05]} Kxe6 {[%emt 0:00:04]} 35. a5 {[%emt 0:00:02]} Rb2 {[%emt 0:00:05]} 36. a6 {[%emt 0:00:07]} Kd6 {[%emt 0:00:19]} 37. h4 {[%emt 0:00:05]} e5 {[%emt 0:00:03]} 38. h5 {[%emt 0:00:03]} Rb6 {[%emt 0:00:20]} 39. hxg6 {[%emt 0:00:04]} hxg6 {[%emt 0:00:02]} 40. Ra1 {[%emt 0:00:02]} Rb3 {[%emt 0:00:08]} 41. g5 {[%emt 0:00:06]} Rxc3 {[%emt 0:00:06]} 42. Be4 {[%emt 0:00:01]} Nf5 {[%emt 0:00:16]} 43. Rd1+ {[%emt 0:00:03]} Nd4 {[%emt 0:00:01]} 44. Kf2 {[%emt 0:00:12]} Rg3 {[%emt 0:00:28]} 45. Rb1 {[%emt 0:00:06]} Nb3 {[%emt 0:00:08]} 46. Rd1+ {[%emt 0:00:02]} Kc7 {[%emt 0:00:03]} 47. Bxg6 {[%emt 0:00:09]} Rxg5 {[%emt 0:00:02]} 48. Be4 {[%emt 0:00:02]} Rg3 {[%emt 0:00:01]} 49. Rd5 {[%emt 0:00:03]} Re3 {[%emt 0:00:07]} 50. Bh7 {[%emt 0:00:12]} Kb6 {[%emt 0:00:06]} 51. Rd6+ {[%emt 0:00:02]} Kb5 {[%emt 0:00:02]} 52. Bf5 {[%emt 0:00:07]} Nd4 {[%emt 0:00:08]} 53. Bc8 {[%emt 0:00:08]} c3 {[%emt 0:00:06]} 54. Bd7+ {[%emt 0:00:02]} Ka5 {[%emt 0:00:03]} 55. Rd5 {[%emt 0:00:04]} Kb4 {[%emt 0:00:01]} 0-1

[Event "European Online Club-ch-A 2021"]
[Site "Online"]
[Date "2021.03.27"]
[Round "6.1"]
[White "Horvath, Laszlo"]
[Black "Celik, Hasan Huseyin"]
[Result "0-1"]
[WhiteElo "2183"]
[BlackElo "2173"]
[Annotator "NA"]
[PlyCount "148"]
[EventDate "2021.03.27"]
[EventType "team-tourn"]
[EventCountry "NET"]
[SourceTitle "playchess.com"]
[Source "ChessBase"]
[SourceQuality "1"]
[TimeControl "900+5"]

1. e4 {[%emt 0:00:00]} e6 {[%emt 0:00:03]} 2. d4 {[%emt 0:00:02]} d5 {[%emt 0:00:01]} 3. exd5 {[%emt 0:00:02]} exd5 {[%emt 0:00:02]} 4. Nf3 {[%emt 0:00:02]} Bd6 {[%emt 0:00:01]} 5. Bd3 {[%emt 0:00:03]} Ne7 {[%emt 0:00:02]} 6. O-O {[%emt 0:00:03]} Nbc6 {[%emt 0:00:02]} 7. c3 {[%emt 0:00:02]} Bg4 {[%emt 0:00:05]} 8. Bg5 {[%emt 0:00:05]} f6 {[%emt 0:00:02]} 9. Bh4 {[%emt 0:00:02]} Qd7 {[%emt 0:00:01]} 10. Nbd2 {[%emt 0:00:04]} g5 {[%emt 0:00:03]} 11. Bg3 {[%emt 0:00:02]} Bxg3 {[%emt 0:00:01]} 12. hxg3 {[%emt 0:00:05]} O-O-O {[%emt 0:00:02]} 13. b4 {[%emt 0:00:05]} Ng6 {[%emt 0:00:13]} 14. Qa4 {[%emt 0:00:34]} Kb8 {[%emt 0:00:03]} 15. Bb5 {[%emt 0:00:07]} Nge7 {[%emt 0:00:35]} 16. Rfe1 {[%emt 0:01:29]} Rde8 {[%emt 0:01:25]} 17. Rab1 {[%emt 0:00:27]} h5 {[%emt 0:00:18]} 18. c4 {[%emt 0:05:53]} dxc4 {[%emt 0:03:44]} 19. Ne4 {[%emt 0:02:41]} Rhf8 {[%emt 0:06:03]} 20. Bxc4 {[%emt 0:01:25]} Nxd4 {[%emt 0:00:31]} 21. Qxd7 {[%emt 0:00:03]} Nxf3+ {[%emt 0:00:02]} 22. gxf3 {[%emt 0:00:05]} Bxd7 {[%emt 0:00:02]} 23. Nc5 {[%emt 0:00:02]} Bc8 {[%emt 0:00:06]} 24. Bb5 {[%emt 0:00:37]} c6 {[%emt 0:00:04]} 25. Bd3 {[%emt 0:00:06]} Nf5 {[%emt 0:00:17]} 26. Rxe8 {[%emt 0:00:15]} Rxe8 {[%emt 0:00:03]} 27. b5 {[%emt 0:00:01]} Kc7 {[%emt 0:01:27]} 28. bxc6 {[%emt 0:00:19]} bxc6 {[%emt 0:00:04]} 29. Na6+ {[%emt 0:00:31]} Bxa6 {[%emt 0:00:06]} 30. Bxa6 {[%emt 0:00:02]} Nd6 {[%emt 0:00:03]} 31. Bd3 {[%emt 0:00:06]} Re5 {[%emt 0:00:17]} 32. Kg2 {[%emt 0:00:02]} c5 {[%emt 0:00:07]} 33. Rc1 {[%emt 0:00:13]} Kc6 {[%emt 0:00:04]} 34. Bg6 {[%emt 0:00:03]} h4 {[%emt 0:00:09]} 35. gxh4 {[%emt 0:00:03]} gxh4 {[%emt 0:00:02]} 36. f4 {[%emt 0:00:01]} Re2 {[%emt 0:00:06]} 37. a3 {[%emt 0:00:14]} f5 {[%emt 0:00:07]} 38. Rc3 {[%emt 0:00:05]} c4 {[%emt 0:00:23]} 39. Bh5 {[%emt 0:00:03]} Rxf2+ {[%emt 0:00:03]} 40. Kxf2 {[%emt 0:00:13]} Ne4+ {[%emt 0:00:02]} 41. Ke3 {[%emt 0:00:02]} Nxc3 {[%emt 0:00:01]} 42. Kd4 {[%emt 0:00:02]} Nb5+ {[%emt 0:00:10]} 43. Kxc4 {[%emt 0:00:02]} Nxa3+ {[%emt 0:00:02]} 44. Kb4 {[%emt 0:00:02]} Nc2+ {[%emt 0:00:02]} 45. Kc3 {[%emt 0:00:05]} Ne3 {[%emt 0:00:17]} 46. Kd4 {[%emt 0:00:08]} Ng4 {[%emt 0:00:05]} 47. Bg6 {[%emt 0:00:02]} Nh6 {[%emt 0:00:04]} 48. Ke3 {[%emt 0:00:09]} a5 {[%emt 0:00:02]} 49. Kf3 {[%emt 0:00:05]} Kc5 {[%emt 0:00:07]} 50. Be8 {[%emt 0:00:03]} Kd4 {[%emt 0:00:18]} 51. Bc6 {[%emt 0:00:06]} Ng8 {[%emt 0:00:03]} 52. Kg2 {[%emt 0:00:35]} Ke3 {[%emt 0:00:05]} 53. Kh3 {[%emt 0:00:03]} Ne7 {[%emt 0:00:02]} 54. Bd7 {[%emt 0:00:04]} Kxf4 {[%emt 0:00:04]} 55. Kxh4 {[%emt 0:00:02]} Ke3 {[%emt 0:00:03]} 56. Kh3 {[%emt 0:00:02]} f4 {[%emt 0:00:01]} 57. Kg2 {[%emt 0:00:06]} f3+ {[%emt 0:00:02]} 58. Kf1 {[%emt 0:00:02]} f2 {[%emt 0:00:01]} 59. Bb5 {[%emt 0:00:06]} Nf5 {[%emt 0:00:04]} 60. Kg2 {[%emt 0:00:04]} Nd4 {[%emt 0:00:03]} 61. Ba4 {[%emt 0:00:01]} Nf3 {[%emt 0:00:05]} 62. Bb5 {[%emt 0:00:07]} Nd2 {[%emt 0:00:02]} 63. Kg3 {[%emt 0:00:10]} f1=Q {[%emt 0:00:04]} 64. Bxf1 {[%emt 0:00:02]} Nxf1+ {[%emt 0:00:02]} 65. Kg4 {[%emt 0:00:01]} a4 {[%emt 0:00:01]} 66. Kg5 {[%emt 0:00:01]} a3 {[%emt 0:00:01]} 67. Kh6 {[%emt 0:00:01]} a2 {[%emt 0:00:01]} 68. Kh7 {[%emt 0:00:01]} a1=Q {[%emt 0:00:03]} 69. Kg8 {[%emt 0:00:01]} Ng3 {[%emt 0:00:02]} 70. Kh7 {[%emt 0:00:07]} Nf5 {[%emt 0:00:01]} 71. Kg6 {[%emt 0:00:02]} Kf4 {[%emt 0:00:02]} 72. Kh5 {[%emt 0:00:03]} Qh8+ {[%emt 0:00:04]} 73. Kg6 {[%emt 0:00:02]} Qg7+ {[%emt 0:00:01]} 74. Kh5 {[%emt 0:00:02]} Qh6# {[%emt 0:00:02]} 0-1

[Event "European Online Club-ch-A 2021"]
[Site "Online"]
[Date "2021.03.27"]
[Round "6.2"]
[White "Durak, Can"]
[Black "Krieger, Markus"]
[Result "1-0"]
[WhiteElo "2187"]
[BlackElo "2050"]
[Annotator "NA"]
[PlyCount "69"]
[EventDate "2021.03.27"]
[EventType "team-tourn"]
[EventCountry "NET"]
[SourceTitle "playchess.com"]
[Source "ChessBase"]
[SourceQuality "1"]
[TimeControl "900+5"]

1. d4 {[%emt 0:00:00]} Nf6 {[%emt 0:00:03]} 2. c4 {[%emt 0:00:03]} e6 {[%emt 0:00:01]} 3. Nc3 {[%emt 0:00:03]} Bb4 {[%emt 0:00:02]} 4. e3 {[%emt 0:00:01]} b6 {[%emt 0:00:07]} 5. Bd2 {[%emt 0:00:02]} Bb7 {[%emt 0:00:05]} 6. Nf3 {[%emt 0:00:04]} O-O {[%emt 0:00:09]} 7. Rc1 {[%emt 0:00:04]} c5 {[%emt 0:00:23]} 8. a3 {[%emt 0:00:15]} Bxc3 {[%emt 0:00:02]} 9. Bxc3 {[%emt 0:00:02]} Ne4 {[%emt 0:00:08]} 10. Be2 {[%emt 0:00:16]} d6 {[%emt 0:00:53]} 11. O-O {[%emt 0:00:04]} Nxc3 {[%emt 0:00:01]} 12. Rxc3 {[%emt 0:00:04]} Qe7 {[%emt 0:00:13]} 13. Qd2 {[%emt 0:00:16]} Nd7 {[%emt 0:00:10]} 14. Rd1 {[%emt 0:00:05]} Nf6 {[%emt 0:00:18]} 15. Qc2 {[%emt 0:00:27]} Rfd8 {[%emt 0:00:10]} 16. Qa4 {[%emt 0:00:19]} Ne4 {[%emt 0:00:43]} 17. Rcd3 {[%emt 0:00:03]} Ng5 {[%emt 0:00:20]} 18. Nxg5 {[%emt 0:00:48]} Qxg5 {[%emt 0:00:00]} 19. Bf1 {[%emt 0:00:01]} Be4 {[%emt 0:00:31]} 20. R3d2 {[%emt 0:00:04]} Bf3 {[%emt 0:00:19]} 21. Re1 {[%emt 0:00:27]} a5 {[%emt 0:00:21]} 22. Qb5 {[%emt 0:00:21]} h5 {[%emt 0:01:50]} 23. Qxb6 {[%emt 0:00:29]} Rab8 {[%emt 0:01:10]} 24. Qxa5 {[%emt 0:00:21]} h4 {[%emt 0:00:21]} 25. h3 {[%emt 0:00:12]} Be4 {[%emt 0:00:34]} 26. Qc3 {[%emt 0:01:28]} f5 {[%emt 0:01:02]} 27. dxc5 {[%emt 0:00:31]} dxc5 {[%emt 0:00:06]} 28. Red1 {[%emt 0:00:04]} Rxd2 {[%emt 0:00:14]} 29. Rxd2 {[%emt 0:00:04]} Rf8 {[%emt 0:00:50]} 30. Qe5 {[%emt 0:00:05]} Qg6 {[%emt 0:00:17]} 31. Rd6 {[%emt 0:00:55]} Rf6 {[%emt 0:00:48]} 32. Rd8+ {[%emt 0:00:11]} Kh7 {[%emt 0:00:03]} 33. Qb8 {[%emt 0:00:03]} Qf7 {[%emt 0:00:28]} 34. Rh8+ {[%emt 0:00:26]} Kg6 {[%emt 0:00:02]} 35. Be2 {[%emt 0:00:10]} 1-0

[Event "European Online Club-ch-A 2021"]
[Site "Online"]
[Date "2021.03.27"]
[Round "6.3"]
[White "Frick, Renato"]
[Black "Gurel, Ediz"]
[Result "0-1"]
[WhiteElo "1947"]
[BlackElo "2168"]
[Annotator "NA"]
[PlyCount "50"]
[EventDate "2021.03.27"]
[EventType "team-tourn"]
[EventCountry "NET"]
[SourceTitle "playchess.com"]
[Source "ChessBase"]
[SourceQuality "1"]
[TimeControl "900+5"]

1. e4 {[%emt 0:00:00]} c5 {[%emt 0:00:03]} 2. Nf3 {[%emt 0:00:03]} e6 {[%emt 0:00:02]} 3. d4 {[%emt 0:00:03]} cxd4 {[%emt 0:00:01]} 4. Nxd4 {[%emt 0:00:01]} Nc6 {[%emt 0:00:01]} 5. Nc3 {[%emt 0:00:09]} Qc7 {[%emt 0:00:02]} 6. Be3 {[%emt 0:00:32]} a6 {[%emt 0:00:02]} 7. Be2 {[%emt 0:00:23]} Nf6 {[%emt 0:00:15]} 8. O-O {[%emt 0:00:19]} Be7 {[%emt 0:00:06]} 9. Kh1 {[%emt 0:00:25]} O-O {[%emt 0:00:08]} 10. f4 {[%emt 0:00:04]} d6 {[%emt 0:00:02]} 11. g4 {[%emt 0:01:35]} Nxd4 {[%emt 0:00:38]} 12. Bxd4 {[%emt 0:00:19]} e5 {[%emt 0:00:02]} 13. Be3 {[%emt 0:00:05]} exf4 {[%emt 0:00:06]} 14. Rxf4 {[%emt 0:00:19]} Be6 {[%emt 0:00:54]} 15. Qd2 {[%emt 0:03:38]} Nd7 {[%emt 0:00:53]} 16. Raf1 {[%emt 0:00:35]} Bg5 {[%emt 0:00:13]} 17. R4f2 {[%emt 0:01:39]} Bxe3 {[%emt 0:00:03]} 18. Qxe3 {[%emt 0:00:01]} Ne5 {[%emt 0:00:19]} 19. g5 {[%emt 0:00:32]} b5 {[%emt 0:00:28]} 20. Rf6 {[%emt 0:00:52]} gxf6 {[%emt 0:00:48]} 21. gxf6 {[%emt 0:00:05]} Kh8 {[%emt 0:00:01]} 22. Rf4 {[%emt 0:01:24]} Qc5 {[%emt 0:00:25]} 23. Qc1 {[%emt 0:00:31]} Rg8 {[%emt 0:00:11]} 24. Rh4 {[%emt 0:00:03]} Qf2 {[%emt 0:00:12]} 25. Rf4 {[%emt 0:00:37]} Qg2# {[%emt 0:00:03]} 0-1

[Event "European Online Club-ch-A 2021"]
[Site "Online"]
[Date "2021.03.27"]
[Round "6.4"]
[White "Emir, Doruk"]
[Black "Weissenhofer, Jonas"]
[Result "1-0"]
[WhiteElo "1852"]
[BlackElo "1719"]
[Annotator "NA"]
[PlyCount "55"]
[EventDate "2021.03.27"]
[EventType "team-tourn"]
[EventCountry "NET"]
[SourceTitle "playchess.com"]
[Source "ChessBase"]
[SourceQuality "1"]
[TimeControl "900+5"]

1. Nf3 {[%emt 0:00:00]} Nf6 {[%emt 0:00:04]} 2. g3 {[%emt 0:00:05]} g6 {[%emt 0:00:02]} 3. Bg2 {[%emt 0:00:02]} Bg7 {[%emt 0:00:01]} 4. O-O {[%emt 0:00:01]} O-O {[%emt 0:00:01]} 5. d3 {[%emt 0:00:01]} d6 {[%emt 0:00:08]} 6. e4 {[%emt 0:00:05]} c5 {[%emt 0:00:38]} 7. a4 {[%emt 0:00:48]} Nc6 {[%emt 0:00:19]} 8. Na3 {[%emt 0:00:06]} a6 {[%emt 0:00:41]} 9. c3 {[%emt 0:00:52]} Rb8 {[%emt 0:02:43]} 10. Qe2 {[%emt 0:00:17]} b5 {[%emt 0:01:42]} 11. axb5 {[%emt 0:00:46]} axb5 {[%emt 0:00:04]} 12. Bd2 {[%emt 0:00:04]} b4 {[%emt 0:03:04]} 13. Nc4 {[%emt 0:00:43]} Be6 {[%emt 0:01:04]} 14. e5 {[%emt 0:00:47]} Ne8 {[%emt 0:01:08]} 15. Ng5 {[%emt 0:01:01]} Nxe5 {[%emt 0:00:40]} 16. Nxe5 {[%emt 0:00:14]} dxe5 {[%emt 0:00:28]} 17. Nxe6 {[%emt 0:00:13]} fxe6 {[%emt 0:00:02]} 18. Ra7 {[%emt 0:00:29]} Nd6 {[%emt 0:01:08]} 19. Rfa1 {[%emt 0:00:23]} Nb5 {[%emt 0:01:14]} 20. R7a6 {[%emt 0:00:20]} Nd6 {[%emt 0:00:08]} 21. Bh3 {[%emt 0:00:07]} Qc8 {[%emt 0:00:30]} 22. Bg5 {[%emt 0:00:59]} Bf6 {[%emt 0:00:17]} 23. Qg4 {[%emt 0:00:26]} Kf7 {[%emt 0:00:35]} 24. Bh6 {[%emt 0:01:31]} Bg7 {[%emt 0:00:10]} 25. Rxd6 {[%emt 0:00:25]} exd6 {[%emt 0:00:06]} 26. Ra7+ {[%emt 0:00:08]} Rb7 {[%emt 0:00:08]} 27. Rxb7+ {[%emt 0:00:02]} Qxb7 {[%emt 0:00:01]} 28. Qxe6# {[%emt 0:00:03]} 1-0

[Event "European Online Club-ch-A 2021"]
[Site "Online"]
[Date "2021.03.27"]
[Round "6.5"]
[White "Finek, Vaclav"]
[Black "Pein, Malcolm"]
[Result "0-1"]
[WhiteElo "2361"]
[BlackElo "2309"]
[Annotator "NA"]
[PlyCount "110"]
[EventDate "2021.03.27"]
[EventType "team-tourn"]
[EventCountry "NET"]
[SourceTitle "playchess.com"]
[Source "ChessBase"]
[SourceQuality "1"]
[TimeControl "900+5"]

1. d4 {[%emt 0:00:00]} Nf6 {[%emt 0:00:06]} 2. c4 {[%emt 0:00:03]} g6 {[%emt 0:00:09]} 3. Nf3 {[%emt 0:00:05]} Bg7 {[%emt 0:00:03]} 4. g3 {[%emt 0:00:02]} O-O {[%emt 0:00:03]} 5. Bg2 {[%emt 0:00:02]} d6 {[%emt 0:00:06]} 6. O-O {[%emt 0:00:02]} c6 {[%emt 0:00:04]} 7. Nc3 {[%emt 0:00:08]} Qb6 {[%emt 0:00:02]} 8. e4 {[%emt 0:00:20]} Bg4 {[%emt 0:00:05]} 9. h3 {[%emt 0:00:50]} Bxf3 {[%emt 0:00:03]} 10. Bxf3 {[%emt 0:00:02]} Nfd7 {[%emt 0:00:13]} 11. Be3 {[%emt 0:00:55]} Qxb2 {[%emt 0:00:41]} 12. Qd3 {[%emt 0:00:37]} Qa3 {[%emt 0:04:17]} 13. Rab1 {[%emt 0:01:02]} c5 {[%emt 0:01:58]} 14. Rb3 {[%emt 0:01:07]} Qa5 {[%emt 0:00:37]} 15. Rb5 {[%emt 0:01:30]} Qd8 {[%emt 0:00:39]} 16. Bg2 {[%emt 0:03:36]} cxd4 {[%emt 0:00:46]} 17. Bxd4 {[%emt 0:00:06]} Nc6 {[%emt 0:00:31]} 18. Bxg7 {[%emt 0:00:10]} Kxg7 {[%emt 0:00:02]} 19. Nd5 {[%emt 0:00:41]} Nc5 {[%emt 0:02:14]} 20. Qc3+ {[%emt 0:00:14]} Kg8 {[%emt 0:00:29]} 21. e5 {[%emt 0:02:02]} a6 {[%emt 0:00:20]} 22. Rbb1 {[%emt 0:01:01]} dxe5 {[%emt 0:00:21]} 23. Nb6 {[%emt 0:00:18]} Rb8 {[%emt 0:00:24]} 24. Qe3 {[%emt 0:00:40]} Qd4 {[%emt 0:00:27]} 25. Qa3 {[%emt 0:00:42]} e4 {[%emt 0:00:38]} 26. Rbd1 {[%emt 0:00:20]} Nd3 {[%emt 0:00:06]} 27. Nd5 {[%emt 0:00:03]} e6 {[%emt 0:01:01]} 28. Ne3 {[%emt 0:00:16]} Nce5 {[%emt 0:00:11]} 29. Qa4 {[%emt 0:00:10]} b5 {[%emt 0:00:11]} 30. Qc2 {[%emt 0:00:05]} Rbc8 {[%emt 0:00:08]} 31. Qd2 {[%emt 0:00:05]} bxc4 {[%emt 0:00:05]} 32. Nc2 {[%emt 0:00:03]} Qb2 {[%emt 0:00:09]} 33. Bxe4 {[%emt 0:00:05]} Rfd8 {[%emt 0:00:11]} 34. Qe2 {[%emt 0:00:06]} Kg7 {[%emt 0:00:16]} 35. Rd2 {[%emt 0:00:14]} Qxa2 {[%emt 0:00:06]} 36. Rfd1 {[%emt 0:00:03]} Qb3 {[%emt 0:00:06]} 37. Kg2 {[%emt 0:00:03]} a5 {[%emt 0:00:01]} 38. f4 {[%emt 0:00:03]} Nc6 {[%emt 0:00:06]} 39. Bxd3 {[%emt 0:00:06]} cxd3 {[%emt 0:00:03]} 40. Rxd3 {[%emt 0:00:01]} Qb7 {[%emt 0:00:09]} 41. Kh2 {[%emt 0:00:08]} Qb5 {[%emt 0:00:03]} 42. Na3 {[%emt 0:00:10]} Qa6 {[%emt 0:00:06]} 43. Qb2+ {[%emt 0:00:02]} Kg8 {[%emt 0:00:05]} 44. Rxd8+ {[%emt 0:00:08]} Rxd8 {[%emt 0:00:01]} 45. Rxd8+ {[%emt 0:00:05]} Nxd8 {[%emt 0:00:02]} 46. Qd2 {[%emt 0:00:03]} Nc6 {[%emt 0:00:04]} 47. h4 {[%emt 0:00:04]} h5 {[%emt 0:00:02]} 48. Nc2 {[%emt 0:00:11]} Qc4 {[%emt 0:00:05]} 49. Ne3 {[%emt 0:00:01]} Qd4 {[%emt 0:00:03]} 50. Qe2 {[%emt 0:00:04]} a4 {[%emt 0:00:05]} 51. Nd1 {[%emt 0:00:08]} a3 {[%emt 0:00:06]} 52. Nf2 {[%emt 0:00:05]} Nb4 {[%emt 0:00:03]} 53. f5 {[%emt 0:00:07]} exf5 {[%emt 0:00:05]} 54. Nh3 {[%emt 0:00:04]} Qb2 {[%emt 0:00:04]} 55. Nf4 {[%emt 0:00:09]} Qxe2+ {[%emt 0:00:08]} 0-1

[Event "European Online Club-ch-A 2021"]
[Site "Online"]
[Date "2021.03.27"]
[Round "6.6"]
[White "De Verdier, Michael"]
[Black "Hrbek, Stepan"]
[Result "1-0"]
[WhiteElo "2291"]
[BlackElo "2230"]
[Annotator "NA"]
[PlyCount "107"]
[EventDate "2021.03.27"]
[EventType "team-tourn"]
[EventCountry "NET"]
[SourceTitle "playchess.com"]
[Source "ChessBase"]
[SourceQuality "1"]
[TimeControl "900+5"]

1. Nf3 {[%emt 0:00:00]} d5 {[%emt 0:00:16]} 2. e3 {[%emt 0:00:04]} Nf6 {[%emt 0:00:03]} 3. b3 {[%emt 0:00:03]} c5 {[%emt 0:00:59]} 4. Bb2 {[%emt 0:00:03]} g6 {[%emt 0:00:48]} 5. Bb5+ {[%emt 0:00:11]} Bd7 {[%emt 0:00:07]} 6. Qe2 {[%emt 0:00:03]} Bg7 {[%emt 0:00:24]} 7. O-O {[%emt 0:01:21]} O-O {[%emt 0:00:29]} 8. Bxd7 {[%emt 0:00:06]} Nbxd7 {[%emt 0:00:08]} 9. d3 {[%emt 0:00:10]} Qc7 {[%emt 0:02:13]} 10. c4 {[%emt 0:00:15]} e5 {[%emt 0:00:23]} 11. cxd5 {[%emt 0:01:21]} Nxd5 {[%emt 0:00:03]} 12. Nbd2 {[%emt 0:00:32]} b5 {[%emt 0:00:26]} 13. Rfc1 {[%emt 0:01:31]} Qb6 {[%emt 0:00:37]} 14. Ne4 {[%emt 0:00:42]} f5 {[%emt 0:01:00]} 15. Nc3 {[%emt 0:00:03]} Nb4 {[%emt 0:01:42]} 16. a3 {[%emt 0:00:47]} Nc6 {[%emt 0:00:02]} 17. Nd5 {[%emt 0:00:16]} Qb8 {[%emt 0:00:05]} 18. b4 {[%emt 0:00:53]} Qd6 {[%emt 0:00:16]} 19. e4 {[%emt 0:00:05]} Ne7 {[%emt 0:01:34]} 20. Nxe7+ {[%emt 0:03:06]} Qxe7 {[%emt 0:00:02]} 21. exf5 {[%emt 0:00:17]} Rxf5 {[%emt 0:00:22]} 22. Qe4 {[%emt 0:01:00]} Rc8 {[%emt 0:01:40]} 23. Qb7 {[%emt 0:00:29]} Rb8 {[%emt 0:02:33]} 24. Qd5+ {[%emt 0:00:07]} Qf7 {[%emt 0:00:21]} 25. Qxf7+ {[%emt 0:00:08]} Kxf7 {[%emt 0:00:03]} 26. bxc5 {[%emt 0:00:13]} Rc8 {[%emt 0:00:01]} 27. c6 {[%emt 0:00:44]} Nb8 {[%emt 0:00:01]} 28. Rc5 {[%emt 0:00:45]} e4 {[%emt 0:00:12]} 29. Rxf5+ {[%emt 0:00:12]} gxf5 {[%emt 0:00:02]} 30. Ng5+ {[%emt 0:00:10]} Kg6 {[%emt 0:00:13]} 31. Bxg7 {[%emt 0:00:02]} Kxg5 {[%emt 0:00:04]} 32. dxe4 {[%emt 0:00:08]} fxe4 {[%emt 0:00:04]} 33. h4+ {[%emt 0:00:52]} Kg6 {[%emt 0:00:19]} 34. Bd4 {[%emt 0:00:16]} Nxc6 {[%emt 0:00:06]} 35. Rc1 {[%emt 0:00:18]} Ne7 {[%emt 0:00:07]} 36. Re1 {[%emt 0:00:06]} Rc4 {[%emt 0:00:07]} 37. Bxa7 {[%emt 0:00:09]} Nc6 {[%emt 0:00:03]} 38. Be3 {[%emt 0:00:08]} b4 {[%emt 0:00:03]} 39. axb4 {[%emt 0:00:03]} Nxb4 {[%emt 0:00:01]} 40. Rb1 {[%emt 0:00:09]} Nd3 {[%emt 0:00:07]} 41. g4 {[%emt 0:00:06]} Ne5 {[%emt 0:00:04]} 42. h5+ {[%emt 0:00:15]} Kf6 {[%emt 0:00:09]} 43. g5+ {[%emt 0:00:02]} Kf5 {[%emt 0:00:05]} 44. Rb5 {[%emt 0:00:01]} Rc8 {[%emt 0:00:08]} 45. Bd4 {[%emt 0:00:12]} Re8 {[%emt 0:00:01]} 46. Kg2 {[%emt 0:00:07]} Kxg5 {[%emt 0:00:11]} 47. Rxe5+ {[%emt 0:00:02]} Rxe5 {[%emt 0:00:01]} 48. Bxe5 {[%emt 0:00:00]} Kxh5 {[%emt 0:00:03]} 49. Bd4 {[%emt 0:00:02]} Kg4 {[%emt 0:00:02]} 50. Be3 {[%emt 0:00:02]} h5 {[%emt 0:00:11]} 51. Kh2 {[%emt 0:00:01]} Kh4 {[%emt 0:00:02]} 52. Kg2 {[%emt 0:00:09]} Kg4 {[%emt 0:00:01]} 53. Ba7 {[%emt 0:00:01]} Kf4 {[%emt 0:00:09]} 54. Kh3 {[%emt 0:00:06]} 1-0

[Event "European Online Club-ch-A 2021"]
[Site "Online"]
[Date "2021.03.27"]
[Round "6.7"]
[White "Nemec, Jachym"]
[Black "Czopor, Maciej"]
[Result "0-1"]
[WhiteElo "2229"]
[BlackElo "2239"]
[Annotator "NA"]
[PlyCount "60"]
[EventDate "2021.03.27"]
[EventType "team-tourn"]
[EventCountry "NET"]
[SourceTitle "playchess.com"]
[Source "ChessBase"]
[SourceQuality "1"]
[TimeControl "900+5"]

1. d4 {[%emt 0:00:00]} Nf6 {[%emt 0:00:08]} 2. Nf3 {[%emt 0:00:08]} e6 {[%emt 0:00:08]} 3. c4 {[%emt 0:00:03]} Bb4+ {[%emt 0:00:10]} 4. Bd2 {[%emt 0:00:02]} Qe7 {[%emt 0:00:02]} 5. g3 {[%emt 0:00:07]} Nc6 {[%emt 0:00:09]} 6. Nc3 {[%emt 0:00:14]} O-O {[%emt 0:00:05]} 7. Bg2 {[%emt 0:00:03]} Bxc3 {[%emt 0:00:10]} 8. Bxc3 {[%emt 0:00:02]} Ne4 {[%emt 0:00:01]} 9. O-O {[%emt 0:00:26]} Nxc3 {[%emt 0:00:05]} 10. bxc3 {[%emt 0:00:03]} d6 {[%emt 0:00:29]} 11. Nd2 {[%emt 0:01:44]} Bd7 {[%emt 0:00:57]} 12. d5 {[%emt 0:00:34]} Na5 {[%emt 0:00:42]} 13. dxe6 {[%emt 0:02:29]} fxe6 {[%emt 0:00:36]} 14. Rb1 {[%emt 0:00:09]} Rab8 {[%emt 0:00:20]} 15. e3 {[%emt 0:00:04]} b6 {[%emt 0:00:17]} 16. Qe2 {[%emt 0:00:36]} Qf6 {[%emt 0:01:39]} 17. Rbc1 {[%emt 0:00:17]} Rbe8 {[%emt 0:01:32]} 18. h4 {[%emt 0:00:11]} Bc8 {[%emt 0:01:18]} 19. Nb3 {[%emt 0:01:54]} Nb7 {[%emt 0:00:16]} 20. Nd4 {[%emt 0:00:39]} Rf7 {[%emt 0:01:45]} 21. Rce1 {[%emt 0:02:14]} Na5 {[%emt 0:01:34]} 22. Be4 {[%emt 0:01:13]} Ba6 {[%emt 0:00:29]} 23. Nb5 {[%emt 0:01:04]} Qe5 {[%emt 0:02:16]} 24. Bd3 {[%emt 0:00:23]} Qc5 {[%emt 0:01:14]} 25. Qc2 {[%emt 0:00:35]} g6 {[%emt 0:00:11]} 26. Qa4 {[%emt 0:00:28]} Ref8 {[%emt 0:00:14]} 27. Re2 {[%emt 0:00:25]} Bb7 {[%emt 0:00:05]} 28. Qb4 {[%emt 0:00:35]} Qh5 {[%emt 0:00:14]} 29. e4 {[%emt 0:00:12]} Nc6 {[%emt 0:00:09]} 30. f4 {[%emt 0:00:23]} Nxb4 {[%emt 0:00:02]} 0-1